000 01192nam a2200241Ii 4500
003 JO-AjNU
005 20240625104743.0
008 230605s9999||||xx |||||||||||||| ||und||
040 _aJO-AjNU
_bara
_erda
_cJO-AjNU
041 _aara
050 1 4 _aHD30.2 2022
100 1 _aالهزايمة، سمير عبدالله سالم
_965601
245 0 0 _aدور عمليات ادارة المعرفة في بناء المنظمة الذكية: دراسة حالة مستشفى الملك المؤسس عبدالله الجامعي -الاردن =The Role of Knowledge Management process in Building smart Organization:A Case study of King Abdullah University Hospital Jordan /
260 _c2022
300 _a142 ورقة
336 _atext
_btxt
_2rdacontent
337 _aunmediated
_bn
_2rdamedia
338 _avolume
_bnc
_2rdacarrier
500 _aرسالة جامعية(اطروحة ماجستير) جامعة عجلون الوطنية، كلية ادارة الاعمال، تخصص ادارة الاعمال، 2022
650 7 _aادارة المعرفة-المنظمة الذكية
_962598
700 1 _aالزعبي،علي فلاح مفلح
_965603
_eمشرف
942 _2lcc
_cTHS
999 _c31921
_d31921